LEADER 00504nam 2200169z- 450 001 9910693885303321 035 $a(CKB)4970000000027677 035 $a(EXLCZ)994970000000027677 100 $a20240129c2001uuuu -u- - 101 0 $aeng 200 00$aExport promotion : government agencies should combine small business export training programs 210 $aWashington, D.C 517 $aExport Promotion 906 $aDOCUMENT 912 $a9910693885303321 996 $aExport promotion$92819295 997 $aUNINA